000 00383nam a22001217a 4500
999 _c967
_d967
005 20200820131958.0
008 200820b ||||| |||| 00| 0 eng d
020 _a0415002568
040 _cCML
245 _aSpeaking with Style: The Sociolinguistic Skills of Children.
_cAnderson, E.S.
260 _aLondon
_bRoutledge
_c1990
942 _2ddc
_cBK
_e1st Edition
_h401.9
_mAND